| 000 | 00609nam a2200229Ia 4500 | ||
|---|---|---|---|
| 003 | OSt | ||
| 005 | 20230617110114.0 | ||
| 008 | 210423s2011 xx 000 0 und d | ||
| 020 | _a978-81-269-1472-2 | ||
| 040 | _cAL | ||
| 041 | _aeng | ||
| 082 |
_a547.028 _223 _bSINO |
||
| 100 |
_aSINHA (Shailendra Kumar) _9106149 |
||
| 245 | _aOrganic lab manual | ||
| 260 |
_aNew Delhi _bAtlantic Publishers and Distributors _c2011 |
||
| 300 |
_axii,300 _bPB |
||
| 365 |
_b250 _cINR |
||
| 650 |
_aChemistry _9106150 |
||
| 650 |
_aOrganic Chemistry _9106151 |
||
| 906 | _alab ; manual ; Organic | ||
| 942 |
_2ddc _cBK |
||
| 999 |
_c166570 _d166570 |
||